000 00319nam a22001217a 4500
008 180131b xxu||||| |||| 00| 0 eng d
041 _aeng
080 _a33
100 _a52
101 _aEKO
245 _aA history of the theories of production& distribution in english political economy
_cCannan,E
942 _2udc
_cBK
999 _c41368
_d41368